000 01309cim a2200397 a 4500
001 14932018
003 LC
005 20160308153441.0
007 ss lunjlcmpnue
008 070718s1987 nyunnn| f | eng d
010 _a 2007656658
020 _a0553450549
024 1 _a076783014954
028 0 2 _aBAP 044
_bBantam Audio Pub.
035 _a(OCoLC)ocm15649219
040 _aLNC
_cLNC
_dOCL
_dINR
_dVHB
_dOCLCQ
_dBAKER
_dOCLCQ
_dDLC
042 _alccopycat
050 0 0 _aPS 3561.N68
_b.Se4 1959
082 _aFIC
_bK76 1987
100 1 _aKnowles, John,
_d1926-2001.
_920796
245 1 2 _aA separate peace
_cJohn Knowles
260 _aNew York, N.Y. :
_bBantam Audio Pub.,
_c1959.
300 _a204 p. :
_c21 cm.
650 0 _aPreparatory school students
_vFiction.
_920797
650 0 _aPreparatory schools
_vFiction.
_920798
650 0 _aFriendship
_vFiction.
_920799
650 0 _aBoys
_vFiction.
_920800
650 0 _aDeath
_vFiction.
_920801
651 0 _aNew Hampshire
_vFiction.
_920802
700 1 _aModine, Matthew.
_4prf
_920803
856 4 2 _3Publisher description
_uhttp://www.loc.gov/catdir/enhancements/fy0738/2007656658-d.html
906 _a7
_bcbc
_ccopycat
_d2
_encip
_f20
_gy-soundrec
942 _2lcc
_cBK
999 _c11895
_d11895